Länder mit der Größten Luftwaffe - Statistiken

Allgemein
  • Dieses Quiz wurde 257 mal gespielt
  • Das Durchschnittsergebnis liegt bei 16 aus 20
Antwortstatistiken
Ort Anzahl der Flugzeuge Land % Korrekt
2. 3,914 Russland
100%
3. 3,035 China
99%
1. 13,362 Vereinigte Staaten
99%
17. 714 Deutschland
98%
8. 1,262 Frankreich
97%
4. 2,185 Indien
96%
14. 832 Vereinigtes Königreich
95%
15. 828 Italien
90%
16. 723 Brasilien
88%
6. 1,508 Japan
88%
5. 1,560 Südkorea
84%
10. 1,056 Türkei
82%
11. 944 Nordkorea
78%
7. 1,281 Pakistan
77%
12. 844 Saudi-Arabien
75%
9. 1,132 Ägypten
74%
18. 596 Israel
70%
20. 565 Thailand
46%
13. 843 Taiwan
43%
19. 567 Griechenland
40%
Keine übereinstimmenden Quizze gefunden
Verteilung der Resultate
Anzahl Personen mit jedem Resultat
Perzentil nach korrekt beantworteten Fragen
Ihre Resultats-Entwicklung
Sie haben dieses Quiz noch nicht gespielt